[Event "April 9 Late 2024"]
[Site "Chess.com"]
[Date "2024.04.09"]
[Round "3"]
[White "Azali, Tannaz"]
[Black "Schut, Han"]
[Result "0-1"]
[Board "160"]
[WhiteFideId "12537721"]
[BlackFideId "1005561"]
[WhiteTitle "WFM"]
[BlackTitle "CM"]
[WhiteElo "2498"]
[BlackElo "2265"]
[WhiteTeam "IRI"]
[BlackTeam "NED"]
[WhiteClock "0:00:41"]
[BlackClock "0:01:10"]
[Variant "Standard"]

1. d4 {[%clk 0:03:00]}  Nf6 {[%clk 0:02:59]} 2. c4 {[%clk 0:03:01]}  g6 {[%clk 0:02:59]} 3. Nc3 {[%clk 0:02:55]}  d5 {[%clk 0:02:59]} 4. cxd5 {[%clk 0:02:54]}  Nxd5 {[%clk 0:03:00]} 5. e4 {[%clk 0:02:54]}  Nxc3 {[%clk 0:03:00]} 6. bxc3 {[%clk 0:02:55]}  Bg7 {[%clk 0:03:01]} 7. Bc4 {[%clk 0:02:54]}  c5 {[%clk 0:03:01]} 8. Ne2 {[%clk 0:02:52]}  Nc6 {[%clk 0:03:02]} 9. Be3 {[%clk 0:02:49]}  O-O {[%clk 0:03:02]} 10. O-O {[%clk 0:02:36]}  Qc7 {[%clk 0:03:02]} 11. Rc1 {[%clk 0:02:32]}  Rd8 {[%clk 0:03:02]} 12. h4 {[%clk 0:02:30]}  Ne5 {[%clk 0:03:00]} 13. Bb3 {[%clk 0:02:23]}  Ng4 {[%clk 0:03:00]} 14. Bf4 {[%clk 0:02:22]}  e5 {[%clk 0:03:00]} 15. Bg3 {[%clk 0:02:20]}  Qe7 {[%clk 0:02:47]} 16. d5 {[%clk 0:02:18]}  b5 {[%clk 0:02:37]} 17. c4 {[%clk 0:02:16]}  a6 {[%clk 0:02:32]} 18. Nc3 {[%clk 0:02:13]}  f5 {[%clk 0:02:26]} 19. cxb5 {[%clk 0:02:05]}  Kh8 {[%clk 0:02:24]} 20. h5 {[%clk 0:01:55]}  f4 {[%clk 0:02:19]} 21. f3 {[%clk 0:01:30]}  fxg3 {[%clk 0:02:11]} 22. fxg4 {[%clk 0:01:30]}  Qh4 {[%clk 0:02:12]} 23. Rf5 {[%clk 0:01:18]}  gxf5 {[%clk 0:02:00]} 24. exf5 {[%clk 0:01:14]}  Qh2+ {[%clk 0:01:58]} 25. Kf1 {[%clk 0:01:14]}  Qh1+ {[%clk 0:01:56]} 26. Ke2 {[%clk 0:01:14]}  Qxg2+ {[%clk 0:01:57]} 27. Kd3 {[%clk 0:01:14]}  axb5 {[%clk 0:01:40]} 28. Nxb5 {[%clk 0:01:06]}  e4+ {[%clk 0:01:40]} 29. Kc4 {[%clk 0:01:02]}  Ba6 {[%clk 0:01:28]} 30. a4 {[%clk 0:00:59]}  Qf3 {[%clk 0:01:17]} 31. Qxf3 {[%clk 0:00:48]}  exf3 {[%clk 0:01:17]} 32. g5 {[%clk 0:00:48]}  Bd4 {[%clk 0:01:12]} 33. Bd1 {[%clk 0:00:44]}  g2 {[%clk 0:01:10]} 34. Bxf3 {[%clk 0:00:41]}  g1=Q {[%clk 0:01:10]} 0-1

[Event "April 9 Late 2024"]
[Site "Chess.com"]
[Date "2024.04.09"]
[Round "3"]
[White "Davidson, Kevin"]
[Black "Demina, Marya"]
[Result "0-1"]
[Board "162"]
[WhiteFideId "2056810"]
[BlackFideId "4195671"]
[BlackTitle "WFM"]
[WhiteElo "2489"]
[BlackElo "2259"]
[WhiteTeam "USA"]
[BlackTeam "RUS"]
[WhiteClock "0:00:00"]
[BlackClock "0:00:10"]
[Variant "Standard"]

1. e4 {[%clk 0:03:00]}  c6 {[%clk 0:02:59]} 2. d4 {[%clk 0:02:56]}  d5 {[%clk 0:03:00]} 3. e5 {[%clk 0:02:56]}  Bf5 {[%clk 0:03:00]} 4. h4 {[%clk 0:02:56]}  h5 {[%clk 0:03:00]} 5. Bg5 {[%clk 0:02:56]}  Qb6 {[%clk 0:03:00]} 6. Bd3 {[%clk 0:02:54]}  Bxd3 {[%clk 0:02:59]} 7. Qxd3 {[%clk 0:02:54]}  e6 {[%clk 0:02:58]} 8. Nd2 {[%clk 0:02:53]}  c5 {[%clk 0:02:56]} 9. c4 {[%clk 0:02:53]}  Qxb2 {[%clk 0:02:51]} 10. Rb1 {[%clk 0:02:52]}  Qxd4 {[%clk 0:02:51]} 11. Qxd4 {[%clk 0:02:51]}  cxd4 {[%clk 0:02:51]} 12. cxd5 {[%clk 0:02:45]}  exd5 {[%clk 0:02:38]} 13. Rxb7 {[%clk 0:02:34]}  Nd7 {[%clk 0:02:38]} 14. Ngf3 {[%clk 0:02:21]}  Bc5 {[%clk 0:02:37]} 15. O-O {[%clk 0:02:11]}  Nh6 {[%clk 0:01:53]} 16. Nb3 {[%clk 0:01:57]}  Bb6 {[%clk 0:01:52]} 17. Nbxd4 {[%clk 0:01:54]}  Nc5 {[%clk 0:01:34]} 18. Re7+ {[%clk 0:01:43]}  Kf8 {[%clk 0:01:34]} 19. Nc6 {[%clk 0:00:53]}  Ng8 {[%clk 0:01:21]} 20. Rd1 {[%clk 0:00:44]}  Nxe7 {[%clk 0:01:19]} 21. Bxe7+ {[%clk 0:00:26]}  Kg8 {[%clk 0:01:20]} 22. Rxd5 {[%clk 0:00:26]}  Ne6 {[%clk 0:01:18]} 23. Rd7 {[%clk 0:00:18]}  Rh6 {[%clk 0:01:14]} 24. a4 {[%clk 0:00:17]}  Nf8 {[%clk 0:01:07]} 25. Bxf8 {[%clk 0:00:15]}  Rxc6 {[%clk 0:01:02]} 26. Bd6 {[%clk 0:00:14]}  Rc1+ {[%clk 0:01:00]} 27. Kh2 {[%clk 0:00:14]}  Rd8 {[%clk 0:00:50]} 28. Rxd8+ {[%clk 0:00:12]}  Bxd8 {[%clk 0:00:50]} 29. Kg3 {[%clk 0:00:04]}  Ra1 {[%clk 0:00:46]} 30. Kf4 {[%clk 0:00:03]}  Rxa4+ {[%clk 0:00:46]} 31. Ke3 {[%clk 0:00:03]}  Bxh4 {[%clk 0:00:42]} 32. Nd4 {[%clk 0:00:02]}  Bg5+ {[%clk 0:00:38]} 33. Ke4 {[%clk 0:00:02]}  Bd2 {[%clk 0:00:32]} 34. g3 {[%clk 0:00:01]}  Bc3 {[%clk 0:00:31]} 35. Bc5 {[%clk 0:00:02]}  a5 {[%clk 0:00:30]} 36. f4 {[%clk 0:00:01]}  Rc4 {[%clk 0:00:25]} 37. Kd5 {[%clk 0:00:02]}  Ra4 {[%clk 0:00:20]} 38. f5 {[%clk 0:00:02]}  Bxd4 {[%clk 0:00:20]} 39. Bxd4 {[%clk 0:00:02]}  Ra2 {[%clk 0:00:17]} 40. e6 {[%clk 0:00:02]}  fxe6+ {[%clk 0:00:16]} 41. fxe6 {[%clk 0:00:02]}  Kf8 {[%clk 0:00:15]} 42. Kc6 {[%clk 0:00:02]}  Ke8 {[%clk 0:00:10]} 43. Bxg7 {[%clk 0:00:00]}  a4 {[%clk 0:00:10]} 0-1

[Event "April 9 Late 2024"]
[Site "Chess.com"]
[Date "2024.04.09"]
[Round "3"]
[White "Andrews, Todd"]
[Black "Gruca, Miroslav"]
[Result "1-0"]
[Board "165"]
[WhiteFideId "2012456"]
[BlackFideId "14905906"]
[WhiteTitle "FM"]
[BlackTitle "CM"]
[WhiteElo "2471"]
[BlackElo "2236"]
[WhiteTeam "USA"]
[BlackTeam "SVK"]
[WhiteClock "0:00:28"]
[BlackClock "0:00:13"]
[Variant "Standard"]

1. d4 {[%clk 0:03:00]}  d5 {[%clk 0:02:59]} 2. c4 {[%clk 0:03:00]}  e6 {[%clk 0:02:59]} 3. Nc3 {[%clk 0:03:00]}  c6 {[%clk 0:02:58]} 4. Nf3 {[%clk 0:03:00]}  dxc4 {[%clk 0:02:56]} 5. g3 {[%clk 0:02:58]}  b5 {[%clk 0:02:49]} 6. Bg2 {[%clk 0:02:59]}  Bb7 {[%clk 0:02:49]} 7. O-O {[%clk 0:02:58]}  Nd7 {[%clk 0:02:43]} 8. e4 {[%clk 0:02:58]}  a6 {[%clk 0:02:40]} 9. Re1 {[%clk 0:02:54]}  Be7 {[%clk 0:02:20]} 10. e5 {[%clk 0:02:47]}  h6 {[%clk 0:02:12]} 11. a3 {[%clk 0:02:30]}  Nb6 {[%clk 0:02:11]} 12. h4 {[%clk 0:02:12]}  Nd5 {[%clk 0:02:09]} 13. Ne4 {[%clk 0:02:03]}  Qc7 {[%clk 0:02:00]} 14. h5 {[%clk 0:01:57]}  O-O-O {[%clk 0:01:59]} 15. Qc2 {[%clk 0:01:51]}  Kb8 {[%clk 0:01:48]} 16. Bd2 {[%clk 0:01:42]}  Bf8 {[%clk 0:01:37]} 17. a4 {[%clk 0:01:38]}  Nge7 {[%clk 0:01:34]} 18. axb5 {[%clk 0:01:22]}  axb5 {[%clk 0:01:25]} 19. Ba5 {[%clk 0:01:22]}  Nb6 {[%clk 0:01:24]} 20. Nc5 {[%clk 0:01:17]}  Ned5 {[%clk 0:01:21]} 21. Nd2 {[%clk 0:01:12]}  Be7 {[%clk 0:01:10]} 22. Reb1 {[%clk 0:00:54]}  Bc8 {[%clk 0:01:07]} 23. b3 {[%clk 0:00:46]}  cxb3 {[%clk 0:01:04]} 24. Rxb3 {[%clk 0:00:45]}  Rdg8 {[%clk 0:00:55]} 25. Rba3 {[%clk 0:00:32]}  g6 {[%clk 0:00:48]} 26. Bxd5 {[%clk 0:00:31]}  exd5 {[%clk 0:00:42]} 27. Bxb6 {[%clk 0:00:28]}  Qxb6 {[%clk 0:00:42]} 28. Ra8+ {[%clk 0:00:28]}  Kc7 {[%clk 0:00:39]} 29. R1a7+ {[%clk 0:00:28]}  Kd8 {[%clk 0:00:13]} 30. Rd7+ {[%clk 0:00:28]} 1-0

[Event "April 9 Late 2024"]
[Site "Chess.com"]
[Date "2024.04.09"]
[Round "3"]
[White "Jimenez Fernandez, Rebeca"]
[Black "Blanco Diez, David"]
[Result "1-0"]
[Board "167"]
[WhiteFideId "32070934"]
[BlackFideId "32032927"]
[WhiteTitle "WFM"]
[BlackTitle "FM"]
[WhiteElo "2235"]
[BlackElo "2456"]
[WhiteTeam "ESP"]
[BlackTeam "ESP"]
[WhiteClock "0:00:02"]
[BlackClock "0:00:00"]
[Variant "Standard"]

1. e4 {[%clk 0:03:00]}  g6 {[%clk 0:02:59]} 2. d4 {[%clk 0:02:59]}  Bg7 {[%clk 0:03:00]} 3. Nc3 {[%clk 0:02:59]}  d5 {[%clk 0:03:01]} 4. exd5 {[%clk 0:02:37]}  Nf6 {[%clk 0:03:01]} 5. Bb5+ {[%clk 0:02:33]}  Nbd7 {[%clk 0:03:01]} 6. Nf3 {[%clk 0:02:30]}  O-O {[%clk 0:03:01]} 7. O-O {[%clk 0:02:29]}  a6 {[%clk 0:03:01]} 8. Bc4 {[%clk 0:02:13]}  b5 {[%clk 0:03:01]} 9. Bb3 {[%clk 0:02:14]}  Nb6 {[%clk 0:03:02]} 10. Bg5 {[%clk 0:02:05]}  Bb7 {[%clk 0:02:54]} 11. Qd2 {[%clk 0:02:02]}  Re8 {[%clk 0:02:47]} 12. Bh6 {[%clk 0:01:59]}  Nfxd5 {[%clk 0:02:46]} 13. Nxd5 {[%clk 0:01:56]}  Nxd5 {[%clk 0:02:42]} 14. Bxg7 {[%clk 0:01:55]}  Kxg7 {[%clk 0:02:43]} 15. c3 {[%clk 0:01:39]}  a5 {[%clk 0:02:28]} 16. Ne5 {[%clk 0:01:38]}  a4 {[%clk 0:02:24]} 17. Bc2 {[%clk 0:01:26]}  Nb6 {[%clk 0:02:02]} 18. Ng4 {[%clk 0:01:13]}  Nc4 {[%clk 0:01:36]} 19. Qh6+ {[%clk 0:01:13]}  Kg8 {[%clk 0:01:36]} 20. f4 {[%clk 0:01:11]}  Qd5 {[%clk 0:01:32]} 21. Rf2 {[%clk 0:01:03]}  f5 {[%clk 0:00:41]} 22. Ne5 {[%clk 0:00:55]}  Nxe5 {[%clk 0:00:41]} 23. fxe5 {[%clk 0:00:53]}  c5 {[%clk 0:00:40]} 24. Rd1 {[%clk 0:00:19]}  Rad8 {[%clk 0:00:35]} 25. Rdd2 {[%clk 0:00:18]}  e6 {[%clk 0:00:30]} 26. Rf3 {[%clk 0:00:15]}  Qd7 {[%clk 0:00:23]} 27. Rh3 {[%clk 0:00:14]}  Qg7 {[%clk 0:00:23]} 28. Qe3 {[%clk 0:00:08]}  Qc7 {[%clk 0:00:14]} 29. Rg3 {[%clk 0:00:03]}  cxd4 {[%clk 0:00:12]} 30. cxd4 {[%clk 0:00:03]}  Bd5 {[%clk 0:00:05]} 31. h4 {[%clk 0:00:02]}  Re7 {[%clk 0:00:03]} 32. h5 {[%clk 0:00:02]}  Rg7 {[%clk 0:00:03]} 33. hxg6 {[%clk 0:00:02]}  Rxg6 {[%clk 0:00:03]} 34. Kf2 {[%clk 0:00:01]}  Rxg3 {[%clk 0:00:02]} 35. Qxg3+ {[%clk 0:00:02]}  Qg7 {[%clk 0:00:03]} 36. Qf4 {[%clk 0:00:01]}  Qxg2+ {[%clk 0:00:02]} 37. Ke3 {[%clk 0:00:02]}  Qh3+ {[%clk 0:00:00]} 38. Kf2 {[%clk 0:00:02]} 1-0

[Event "April 9 Late 2024"]
[Site "Chess.com"]
[Date "2024.04.09"]
[Round "3"]
[White "Fernandez Hernandez, Gerardo"]
[Black "Rees, Ioan"]
[Result "0-1"]
[Board "168"]
[WhiteFideId "2207400"]
[BlackFideId "1801236"]
[WhiteTitle "CM"]
[BlackTitle "FM"]
[WhiteElo "2233"]
[BlackElo "2441"]
[WhiteTeam "ESP"]
[BlackTeam "WLS"]
[WhiteClock "0:00:00"]
[BlackClock "0:00:30"]
[Variant "Standard"]

1. e4 {[%clk 0:03:00]}  e6 {[%clk 0:02:59]} 2. d3 {[%clk 0:03:01]}  c5 {[%clk 0:02:57]} 3. g3 {[%clk 0:03:00]}  Nc6 {[%clk 0:02:57]} 4. Bg2 {[%clk 0:03:00]}  g6 {[%clk 0:02:48]} 5. f4 {[%clk 0:03:00]}  Bg7 {[%clk 0:02:48]} 6. Nf3 {[%clk 0:03:01]}  Nge7 {[%clk 0:02:48]} 7. O-O {[%clk 0:03:01]}  d5 {[%clk 0:02:47]} 8. e5 {[%clk 0:03:00]}  b5 {[%clk 0:02:45]} 9. c4 {[%clk 0:02:39]}  Qb6 {[%clk 0:02:42]} 10. Nc3 {[%clk 0:02:30]}  a6 {[%clk 0:02:33]} 11. Kh1 {[%clk 0:02:16]}  b4 {[%clk 0:02:30]} 12. Na4 {[%clk 0:02:00]}  Qa7 {[%clk 0:02:29]} 13. Be3 {[%clk 0:01:52]}  d4 {[%clk 0:02:29]} 14. Bf2 {[%clk 0:01:47]}  h5 {[%clk 0:02:28]} 15. h3 {[%clk 0:01:34]}  Bb7 {[%clk 0:02:27]} 16. Ng5 {[%clk 0:01:32]}  Nf5 {[%clk 0:02:16]} 17. Ne4 {[%clk 0:01:27]}  Bf8 {[%clk 0:02:05]} 18. Nf6+ {[%clk 0:01:24]}  Kd8 {[%clk 0:02:05]} 19. Qe2 {[%clk 0:01:18]}  h4 {[%clk 0:01:56]} 20. g4 {[%clk 0:01:14]}  Ng3+ {[%clk 0:01:56]} 21. Bxg3 {[%clk 0:01:14]}  hxg3 {[%clk 0:01:57]} 22. Qf3 {[%clk 0:00:56]}  Be7 {[%clk 0:01:44]} 23. Qxg3 {[%clk 0:00:47]}  Bxf6 {[%clk 0:01:44]} 24. exf6 {[%clk 0:00:47]}  Kd7 {[%clk 0:01:35]} 25. Rae1 {[%clk 0:00:42]}  Na5 {[%clk 0:01:28]} 26. Bxb7 {[%clk 0:00:35]}  Qxb7+ {[%clk 0:01:26]} 27. Re4 {[%clk 0:00:28]}  Qc6 {[%clk 0:01:21]} 28. b3 {[%clk 0:00:26]}  Nb7 {[%clk 0:01:21]} 29. Qg2 {[%clk 0:00:16]}  Nd6 {[%clk 0:01:17]} 30. Re5 {[%clk 0:00:08]}  Rxh3+ {[%clk 0:01:17]} 31. Kg1 {[%clk 0:00:08]}  Qxg2+ {[%clk 0:01:02]} 32. Kxg2 {[%clk 0:00:09]}  Rah8 {[%clk 0:01:02]} 33. Nxc5+ {[%clk 0:00:07]}  Kc6 {[%clk 0:01:00]} 34. Rf2 {[%clk 0:00:05]}  Rh2+ {[%clk 0:00:53]} 35. Kf1 {[%clk 0:00:05]}  Rxf2+ {[%clk 0:00:50]} 36. Kxf2 {[%clk 0:00:05]}  Rh2+ {[%clk 0:00:51]} 37. Kg3 {[%clk 0:00:04]}  Rxa2 {[%clk 0:00:51]} 38. Na4 {[%clk 0:00:03]}  Rd2 {[%clk 0:00:47]} 39. Rc5+ {[%clk 0:00:02]}  Kb7 {[%clk 0:00:41]} 40. Ra5 {[%clk 0:00:02]}  Rxd3+ {[%clk 0:00:40]} 41. Kh4 {[%clk 0:00:03]}  Rd1 {[%clk 0:00:38]} 42. Kg5 {[%clk 0:00:02]}  Rh1 {[%clk 0:00:34]} 43. f5 {[%clk 0:00:01]}  gxf5 {[%clk 0:00:31]} 44. Nc5+ {[%clk 0:00:00]}  Kb6 {[%clk 0:00:30]} 0-1

[Event "April 9 Late 2024"]
[Site "Chess.com"]
[Date "2024.04.09"]
[Round "3"]
[White "Guzman Lozano, Campo Elias"]
[Black "Aditya Varun Gampa"]
[Result "1-0"]
[Board "169"]
[WhiteFideId "4403746"]
[BlackFideId "45066183"]
[WhiteTitle "CM"]
[BlackTitle "FM"]
[WhiteElo "2232"]
[BlackElo "2435"]
[WhiteTeam "COL"]
[BlackTeam "IND"]
[WhiteClock "0:00:01"]
[BlackClock "0:00:04"]
[Variant "Standard"]

1. Nf3 {[%clk 0:03:00]}  g6 {[%clk 0:02:45]} 2. e4 {[%clk 0:02:58]}  Bg7 {[%clk 0:02:45]} 3. d4 {[%clk 0:02:57]}  c5 {[%clk 0:02:45]} 4. c3 {[%clk 0:02:57]}  cxd4 {[%clk 0:02:45]} 5. cxd4 {[%clk 0:02:57]}  d5 {[%clk 0:02:44]} 6. e5 {[%clk 0:02:56]}  Nc6 {[%clk 0:02:43]} 7. Nc3 {[%clk 0:02:55]}  Bg4 {[%clk 0:02:42]} 8. Be2 {[%clk 0:02:55]}  Bxf3 {[%clk 0:02:41]} 9. Bxf3 {[%clk 0:02:52]}  e6 {[%clk 0:02:42]} 10. h4 {[%clk 0:02:51]}  Qb6 {[%clk 0:02:42]} 11. O-O {[%clk 0:02:23]}  Qxd4 {[%clk 0:02:39]} 12. Qb3 {[%clk 0:02:22]}  O-O-O {[%clk 0:02:34]} 13. Be3 {[%clk 0:02:13]}  Qxh4 {[%clk 0:02:34]} 14. Nb5 {[%clk 0:02:08]}  Bxe5 {[%clk 0:02:27]} 15. g3 {[%clk 0:02:06]}  Qe7 {[%clk 0:02:06]} 16. Rac1 {[%clk 0:02:05]}  Kd7 {[%clk 0:01:55]} 17. Bc5 {[%clk 0:02:00]}  Qg5 {[%clk 0:01:32]} 18. Nxa7 {[%clk 0:01:55]}  Ke8 {[%clk 0:01:27]} 19. Qxb7 {[%clk 0:01:53]}  Nd4 {[%clk 0:01:14]} 20. Bxd4 {[%clk 0:01:42]}  Bxd4 {[%clk 0:01:14]} 21. Kg2 {[%clk 0:01:42]}  Bxa7 {[%clk 0:01:11]} 22. Qxa7 {[%clk 0:01:41]}  h5 {[%clk 0:00:59]} 23. Rc7 {[%clk 0:01:18]}  Nh6 {[%clk 0:00:48]} 24. Re1 {[%clk 0:01:04]}  h4 {[%clk 0:00:43]} 25. Qa4+ {[%clk 0:00:55]}  Kf8 {[%clk 0:00:40]} 26. Qxh4 {[%clk 0:00:55]}  Qxh4 {[%clk 0:00:40]} 27. gxh4 {[%clk 0:00:54]}  Nf5 {[%clk 0:00:41]} 28. h5 {[%clk 0:00:53]}  gxh5 {[%clk 0:00:40]} 29. Kh3 {[%clk 0:00:51]}  Kg7 {[%clk 0:00:40]} 30. Rxe6 {[%clk 0:00:50]}  d4 {[%clk 0:00:35]} 31. Re5 {[%clk 0:00:49]}  Kf6 {[%clk 0:00:35]} 32. Rd5 {[%clk 0:00:49]}  Rxd5 {[%clk 0:00:33]} 33. Bxd5 {[%clk 0:00:49]}  Ne7 {[%clk 0:00:32]} 34. Bc4 {[%clk 0:00:46]}  Rb8 {[%clk 0:00:30]} 35. b3 {[%clk 0:00:45]}  Rd8 {[%clk 0:00:29]} 36. Bd3 {[%clk 0:00:42]}  Rd5 {[%clk 0:00:29]} 37. a4 {[%clk 0:00:41]}  Ra5 {[%clk 0:00:28]} 38. Bb5 {[%clk 0:00:40]}  Nd5 {[%clk 0:00:26]} 39. Rd7 {[%clk 0:00:38]}  Nf4+ {[%clk 0:00:22]} 40. Kg3 {[%clk 0:00:36]}  Ne6 {[%clk 0:00:23]} 41. b4 {[%clk 0:00:32]}  Ra8 {[%clk 0:00:23]} 42. a5 {[%clk 0:00:32]}  Rg8+ {[%clk 0:00:22]} 43. Kh2 {[%clk 0:00:30]}  Ke5 {[%clk 0:00:19]} 44. Bc4 {[%clk 0:00:26]}  Nf4 {[%clk 0:00:20]} 45. a6 {[%clk 0:00:22]}  Rg2+ {[%clk 0:00:19]} 46. Kh1 {[%clk 0:00:22]}  Rxf2 {[%clk 0:00:20]} 47. Rxf7 {[%clk 0:00:22]}  Ra2 {[%clk 0:00:19]} 48. b5 {[%clk 0:00:20]}  Ra1+ {[%clk 0:00:18]} 49. Kh2 {[%clk 0:00:19]}  d3 {[%clk 0:00:18]} 50. Rd7 {[%clk 0:00:17]}  Ra5 {[%clk 0:00:13]} 51. b6 {[%clk 0:00:16]}  Ke4 {[%clk 0:00:11]} 52. b7 {[%clk 0:00:16]}  Ra4 {[%clk 0:00:06]} 53. b8=Q {[%clk 0:00:16]}  Rxc4 {[%clk 0:00:06]} 54. Re7+ {[%clk 0:00:13]}  Kf3 {[%clk 0:00:06]} 55. a7 {[%clk 0:00:10]}  Rc2+ {[%clk 0:00:06]} 56. Kg1 {[%clk 0:00:10]}  Rc1+ {[%clk 0:00:05]} 57. Kh2 {[%clk 0:00:08]}  Rc2+ {[%clk 0:00:05]} 58. Kh1 {[%clk 0:00:08]}  d2 {[%clk 0:00:03]} 59. Qb3+ {[%clk 0:00:05]}  Rc3 {[%clk 0:00:02]} 60. Qxc3+ {[%clk 0:00:05]}  Kg4 {[%clk 0:00:01]} 61. Qxd2 {[%clk 0:00:05]}  Nh3 {[%clk 0:00:02]} 62. Re4+ {[%clk 0:00:04]}  Kf3 {[%clk 0:00:02]} 63. Qd3+ {[%clk 0:00:03]}  Kf2 {[%clk 0:00:02]} 64. Re2+ {[%clk 0:00:04]}  Kf1 {[%clk 0:00:02]} 65. Qxh3+ {[%clk 0:00:04]}  Kxe2 {[%clk 0:00:02]} 66. Qxh5+ {[%clk 0:00:04]}  Ke3 {[%clk 0:00:02]} 67. a8=Q {[%clk 0:00:04]}  Kf2 {[%clk 0:00:03]} 68. Qa4 {[%clk 0:00:04]}  Kg3 {[%clk 0:00:03]} 69. Qg5+ {[%clk 0:00:03]}  Kf2 {[%clk 0:00:04]} 70. Qgf4+ {[%clk 0:00:03]}  Ke1 {[%clk 0:00:03]} 71. Qa1+ {[%clk 0:00:02]}  Ke2 {[%clk 0:00:03]} 72. Qe4+ {[%clk 0:00:02]}  Kf2 {[%clk 0:00:03]} 73. Qb2+ {[%clk 0:00:02]}  Kg3 {[%clk 0:00:03]} 74. Qc3+ {[%clk 0:00:01]}  Kf2 {[%clk 0:00:03]} 75. Qf4+ {[%clk 0:00:01]}  Ke2 {[%clk 0:00:03]} 76. Qfd2+ {[%clk 0:00:01]}  Kf1 {[%clk 0:00:04]} 77. Qcc1# {[%clk 0:00:01]} 1-0

[Event "April 9 Late 2024"]
[Site "Chess.com"]
[Date "2024.04.09"]
[Round "3"]
[White "Mihajlovskij, Sergei"]
[Black "Tang, Zoey"]
[Result "0-1"]
[Board "172"]
[WhiteFideId "13500805"]
[BlackFideId "30952530"]
[BlackTitle "FM"]
[WhiteElo "2217"]
[BlackElo "2415"]
[WhiteTeam "BLR"]
[BlackTeam "USA"]
[WhiteClock "0:01:33"]
[BlackClock "0:00:24"]
[Variant "Standard"]

1. e4 {[%clk 0:03:00]}  c5 {[%clk 0:02:59]} 2. Nf3 {[%clk 0:03:00]}  d6 {[%clk 0:02:58]} 3. d4 {[%clk 0:03:00]}  cxd4 {[%clk 0:02:59]} 4. Qxd4 {[%clk 0:03:01]}  Nf6 {[%clk 0:02:59]} 5. Bb5+ {[%clk 0:02:53]}  Bd7 {[%clk 0:02:56]} 6. Bxd7+ {[%clk 0:02:53]}  Qxd7 {[%clk 0:02:57]} 7. c4 {[%clk 0:02:51]}  Nc6 {[%clk 0:02:57]} 8. Qe3 {[%clk 0:02:47]}  g6 {[%clk 0:02:55]} 9. Nc3 {[%clk 0:02:46]}  Bg7 {[%clk 0:02:55]} 10. O-O {[%clk 0:02:47]}  O-O {[%clk 0:02:55]} 11. h3 {[%clk 0:02:47]}  a6 {[%clk 0:02:53]} 12. Rd1 {[%clk 0:02:45]}  Qc7 {[%clk 0:02:49]} 13. Bd2 {[%clk 0:02:39]}  Rab8 {[%clk 0:02:34]} 14. Nd5 {[%clk 0:02:37]}  Nxd5 {[%clk 0:02:32]} 15. cxd5 {[%clk 0:02:38]}  Ne5 {[%clk 0:02:32]} 16. Rac1 {[%clk 0:02:34]}  Qd7 {[%clk 0:02:27]} 17. Nxe5 {[%clk 0:02:29]}  Bxe5 {[%clk 0:02:28]} 18. Bc3 {[%clk 0:02:30]}  f5 {[%clk 0:02:16]} 19. Bxe5 {[%clk 0:02:25]}  dxe5 {[%clk 0:02:16]} 20. exf5 {[%clk 0:02:25]}  Rxf5 {[%clk 0:02:11]} 21. g4 {[%clk 0:02:19]}  Rf6 {[%clk 0:02:05]} 22. Qxe5 {[%clk 0:02:18]}  Rbf8 {[%clk 0:02:05]} 23. Rc7 {[%clk 0:02:08]}  Qa4 {[%clk 0:01:49]} 24. Rd2 {[%clk 0:02:00]}  Qa5 {[%clk 0:01:32]} 25. Re2 {[%clk 0:01:53]}  Qb6 {[%clk 0:00:27]} 26. Qxe7 {[%clk 0:01:36]}  R6f7 {[%clk 0:00:25]} 27. Qc5 {[%clk 0:01:33]}  Qxc7 {[%clk 0:00:24]} 0-1

[Event "April 9 Late 2024"]
[Site "Chess.com"]
[Date "2024.04.09"]
[Round "3"]
[White "Arnold, Ken"]
[Black "Ivanov, Aleksandr"]
[Result "1-0"]
[Board "174"]
[WhiteFideId "2056836"]
[BlackFideId "2092980"]
[WhiteElo "2407"]
[BlackElo "2213"]
[WhiteTeam "USA"]
[BlackTeam "USA"]
[WhiteClock "0:00:34"]
[BlackClock "0:00:00"]
[Variant "Standard"]

1. d4 {[%clk 0:03:00]}  d5 {[%clk 0:02:59]} 2. c4 {[%clk 0:03:00]}  e6 {[%clk 0:02:59]} 3. Nc3 {[%clk 0:03:00]}  c6 {[%clk 0:02:58]} 4. cxd5 {[%clk 0:03:00]}  exd5 {[%clk 0:02:58]} 5. Nf3 {[%clk 0:03:00]}  Bf5 {[%clk 0:02:58]} 6. Bf4 {[%clk 0:03:01]}  Nf6 {[%clk 0:02:57]} 7. e3 {[%clk 0:03:01]}  Be7 {[%clk 0:02:56]} 8. Bd3 {[%clk 0:03:01]}  Bxd3 {[%clk 0:02:56]} 9. Qxd3 {[%clk 0:03:02]}  O-O {[%clk 0:02:56]} 10. O-O {[%clk 0:03:02]}  Nbd7 {[%clk 0:02:55]} 11. Rab1 {[%clk 0:03:02]}  a5 {[%clk 0:02:55]} 12. a3 {[%clk 0:03:01]}  Nb6 {[%clk 0:02:49]} 13. Ne5 {[%clk 0:02:59]}  Nfd7 {[%clk 0:02:45]} 14. Ne2 {[%clk 0:02:47]}  f6 {[%clk 0:02:33]} 15. Nf3 {[%clk 0:02:42]}  Nc4 {[%clk 0:02:29]} 16. a4 {[%clk 0:02:36]}  Ndb6 {[%clk 0:02:10]} 17. b3 {[%clk 0:02:34]}  Nd6 {[%clk 0:02:10]} 18. h4 {[%clk 0:02:27]}  Ne4 {[%clk 0:02:07]} 19. h5 {[%clk 0:02:23]}  Bb4 {[%clk 0:02:02]} 20. Ng3 {[%clk 0:02:20]}  Re8 {[%clk 0:01:35]} 21. Rb2 {[%clk 0:02:15]}  Qd7 {[%clk 0:01:33]} 22. Nh4 {[%clk 0:02:07]}  Nc8 {[%clk 0:01:17]} 23. Nhf5 {[%clk 0:02:02]}  Ncd6 {[%clk 0:01:15]} 24. f3 {[%clk 0:01:57]}  Nxf5 {[%clk 0:01:00]} 25. fxe4 {[%clk 0:01:53]}  Nxg3 {[%clk 0:00:57]} 26. Bxg3 {[%clk 0:01:52]}  Rxe4 {[%clk 0:00:57]} 27. h6 {[%clk 0:01:49]}  Rae8 {[%clk 0:00:53]} 28. Rf3 {[%clk 0:01:41]}  Bd6 {[%clk 0:00:38]} 29. hxg7 {[%clk 0:01:34]}  Bxg3 {[%clk 0:00:32]} 30. Rxg3 {[%clk 0:01:33]}  R8e7 {[%clk 0:00:28]} 31. Rf2 {[%clk 0:01:31]}  Rxg7 {[%clk 0:00:23]} 32. Rff3 {[%clk 0:01:22]}  Kh8 {[%clk 0:00:14]} 33. Kf2 {[%clk 0:01:20]}  Qe6 {[%clk 0:00:10]} 34. Rxg7 {[%clk 0:01:15]}  Kxg7 {[%clk 0:00:10]} 35. Qd2 {[%clk 0:01:15]}  Kf7 {[%clk 0:00:07]} 36. Qxa5 {[%clk 0:01:14]}  Qe7 {[%clk 0:00:05]} 37. Qe1 {[%clk 0:01:12]}  Qa3 {[%clk 0:00:04]} 38. Qc3 {[%clk 0:00:56]}  Qa2+ {[%clk 0:00:04]} 39. Kg1 {[%clk 0:00:53]}  Qb1+ {[%clk 0:00:04]} 40. Rf1 {[%clk 0:00:43]}  Qa2 {[%clk 0:00:00]} 41. Qb4 {[%clk 0:00:34]} 1-0